000 00420pab a2200145 454500
008 180718b2003 xxu||||| |||| 00| 0 eng d
100 _aGiri, Ananta Kumar
245 _aSocial sciences and the challenges of a new century - the calling of creative transformations
260 _c2003
300 _ap.15-30.
362 _aApr
650 _aSocial sciences
773 _aGuru Nanak Journal of Sociology
909 _a60644
999 _c60644
_d60644